El sentido del orden: estudio sobre la psicología de las artes decorativas
Saved in:
| Hovedforfatter: | |
|---|---|
| Format: | Bog |
| Sprog: | spansk |
| Udgivet: |
Londres
Phaidon Press Limited
2004
|
| Udgivelse: | 2a. ed |
| Fag: | |
| Tags: |
Tilføj Tag
Ingen Tags, Vær først til at tagge denne postø!
|
MARC
| LEADER | 00000nam a2200000 a 4500 | ||
|---|---|---|---|
| 001 | UCG7395 | ||
| 003 | CL-VaPUC | ||
| 008 | 110727e20040000UK |||||||||||||||||spa|d | ||
| 020 | |a 9780714859149 | ||
| 082 | 0 | 4 | |a 745.01921 |b GOM |2 21 |
| 100 | |a Gombrich, Ernst Hans |e autor |9 598146 | ||
| 245 | 1 | 3 | |a El sentido del orden: estudio sobre la psicología de las artes decorativas |
| 250 | |a 2a. ed | ||
| 300 | |a 412 p | ||
| 942 | |c BK | ||
| 945 | |d 20110727 00:00:00 |a dcastane | ||
| 260 | |a Londres |b Phaidon Press Limited |c 2004 | ||
| 650 | 7 | |a DECORACION |2 CL-VaPUC |9 358110 | |
| 650 | 0 | |a Aspectos psicológicos |9 258128 | |
| 650 | 0 | |a Artes decorativas |9 266306 | |
| 583 | |a last modification |c 20110727 00:00:00 |k Rodrigo Vera | ||
| 999 | |c 345407 |d 345405 | ||
| 952 | |0 0 |1 0 |2 ddc |4 0 |6 745_019210000000000_GOM_2004 |7 0 |8 A |9 444103 |a BIBART |b BIBART |d 2019-11-22 |i 4788605 |o 745.01921 GOM 2004 |p 4788605 |r 2025-03-13 |w 2019-11-22 |y BK |k ART | ||